[Event "Druzynowe Mistrzostwa Polski Juniorow - I Liga"]
[Site "Ustron"]
[Date "2011-07-07"]
[Round "8.1"]
[White "Blaszkiewicz, Mateusz"]
[Black "Swiech, Przemyslaw"]
[Result "0-1"]
[WhiteTitle "I"]
[BlackTitle "I++"]
[WhiteElo "1871"]
[BlackElo "2213"]

1. e4 c5 2. Nf3 Nc6 3. Bb5 g6 4. Bxc6 dxc6 5. d3 Bg7 6. h3 e5 7. Be3 b6 8. Qd2
h6 9. Na3 Be6 10. O-O Ne7 11. Nc4 f6 12. Qe2 O-O 13. Rad1 g5 14. g4 h5 15. Nh2
hxg4 16. hxg4 Ng6 17. Rfe1 Rf7 18. Nf1 Nf4 19. Qf3 Qd7 20. Nh2 Bh6 21. Nd2 Rh7
22. Kf1 Kf7 23. Bxf4 gxf4 24. Ke2 Bg5 25. Qg2 Rah8 26. Ndf3 Qc8 27. Kd2 Rxh2
28. Qxh2 Rxh2 29. Nxh2 f3+ 30. Kc3 Bf4 31. Rh1 Qd8 32. d4 exd4+ 0-1

[Event "Druzynowe Mistrzostwa Polski Juniorow - I Liga"]
[Site "Ustron"]
[Date "2011-07-07"]
[Round "8.2"]
[White "Sobolewski, Bartosz"]
[Black "Chomski, Maciej"]
[Result "1-0"]
[WhiteTitle "II+"]
[BlackTitle "I"]
[WhiteElo "1889"]
[BlackElo "1845"]

1. d4 Nf6 2. Nf3 e6 3. c4 b6 4. g3 Ba6 5. Qc2 b5 6. cxb5 Bxb5 7. Nc3 Ba6
8. Bg2 d5 9. b4 Bd6 10. O-O O-O 11. Rb1 Nbd7 12. Rd1 Nb6 13. e4 dxe4 14. Nxe4
Nbd5 15. Nc5 Bc8 16. Ne5 Qe8 17. Qc4 a6 18. Bg5 Rb8 19. a3 Qb5 20. Qc2 Qe8
21. Bf1 Ra8 22. Be2 Nd7 23. Nc4 f6 24. Bc1 Qf7 25. Bb2 N7b6 26. Bf3 Nxc4
27. Qxc4 Ra7 28. Re1 Nb6 29. Qb3 Re8 30. Re2 e5 31. Qxf7+ Kxf7 32. Bc6 Re7
33. Rbe1 exd4 34. Rxe7+ Bxe7 35. Bxd4 a5 36. b5 a4 37. Re3 Ra5 38. Kf1 Kf8
39. Rc3 Kf7 40. Rc1 g5 41. Bc3 Ra7 42. Bb4 h5 43. f3 Bd6 44. Re1 Be7 45. Kf2
Kf8 46. Nd7+ Bxd7 47. Rxe7 Bxc6 48. Rxc7+ Ke8 49. Rxa7 Bxb5 50. Rb7 1-0

[Event "Druzynowe Mistrzostwa Polski Juniorow - I Liga"]
[Site "Ustron"]
[Date "2011-07-07"]
[Round "8.3"]
[White "Swiderski, Radoslaw"]
[Black "Marczuk, Dominik"]
[Result "1/2-1/2"]
[WhiteTitle "II+"]
[BlackTitle "I"]
[WhiteElo "1815"]
[BlackElo "1914"]

1. e4 c5 2. Nf3 d6 3. d4 cxd4 4. Nxd4 Nf6 5. Nc3 a6 6. Bg5 e6 7. f4 b5 8. Qf3
Bb7 9. O-O-O Nbd7 10. Bd3 Qb6 11. Nb3 b4 12. Na4 Qc6 13. Na5 Qxa4 14. Nxb7 Rb8
15. Bxf6 gxf6 16. e5 d5 17. Nd6+ Bxd6 18. exd6 Qxa2 19. Rhe1 Nc5 20. Qg4 Rc8
21. Kd2 Qxb2 22. Ke3 Kd7 23. Ra1 Kxd6 24. Reb1 Qc3 25. f5 e5 26. Qxb4 Qxb4
27. Rxb4 Rb8 28. Rg4 e4 29. Be2 Ke5 30. Ra5 Rbc8 31. c3 h6 32. Bxa6 Nxa6
33. Rxe4+ Kxf5 34. Rf4+ Kg6 35. Rxa6 Rhe8+ 36. Kd3 Re6 37. Ra5 Rec6 38. Ra3 f5
39. Rd4 Rc5 40. Rf4 R8c6 41. Rf3 Rc4 42. Rg3+ Kh7 43. Rf3 Kg6 44. Rg3+ Kh7
45. Rf3 1/2-1/2

[Event "Druzynowe Mistrzostwa Polski Juniorow - I Liga"]
[Site "Ustron"]
[Date "2011-07-07"]
[Round "8.4"]
[White "Jajte-pachota, Maciej"]
[Black "Witczak, Jakub"]
[Result "0-1"]
[WhiteTitle "II"]
[BlackTitle "II"]
[WhiteElo "1712"]
[BlackElo "1589"]

1. Nf3 c5 2. c4 g6 3. g3 b6 4. Bg2 Bb7 5. O-O Bg7 6. Nc3 Nc6 7. e3 Nh6 8. d4
Nf5 9. d5 Na5 10. Qe2 Nd6 11. Nd2 Ba6 12. Nb5 Ndxc4 13. Nxc4 Bxb5 14. Nd6+ exd6
15. Qxb5 a6 16. Qe2 O-O 0-1

[Event "Druzynowe Mistrzostwa Polski Juniorow - I Liga"]
[Site "Ustron"]
[Date "2011-07-07"]
[Round "8.5"]
[White "Delekta, Anna"]
[Black "Wozniak, Mariola"]
[Result "1-0"]
[WhiteTitle "I"]
[BlackTitle "WCM"]
[WhiteElo "1706"]
[BlackElo "1812"]

1. e4 c5 2. Nf3 d6 3. d4 cxd4 4. Nxd4 Nf6 5. Nc3 a6 6. Bg5 e6 7. f4 Nbd7
8. Qf3 Qc7 9. O-O-O b5 10. Bxb5 axb5 11. Ndxb5 Qb8 12. e5 Bb7 13. Qe2 dxe5
14. Qc4 Nc5 15. fxe5 Nd5 16. Nxd5 Bxd5 17. Rxd5 exd5 18. Qxd5 f6 19. exf6 gxf6
20. Re1+ Be7 21. Qxc5 O-O 22. Rxe7 Qxh2 23. Bd2 Rad8 24. Qf5 Qh1+ 25. Re1 Qxg2
26. Qe6+ Kh8 27. Nd6 Qf2 28. Qe7 Qd4 29. Bh6 1-0

[Event "Druzynowe Mistrzostwa Polski Juniorow - I Liga"]
[Site "Ustron"]
[Date "2011-07-07"]
[Round "8.8"]
[White "Lewtak, Damian"]
[Black "Gabryjalowicz, Jakub"]
[Result "1-0"]
[WhiteTitle "I+"]
[BlackTitle "I"]
[WhiteElo "2093"]
[BlackElo "1749"]

1. d4 d5 2. c4 c6 3. Nc3 Nf6 4. Nf3 dxc4 5. a4 Bg4 6. Ne5 Bh5 7. g3 e6 8. Bg2
Bb4 9. Nxc4 Nd5 10. Qd3 Be7 11. O-O Nb4 12. Qd2 a5 13. e4 O-O 14. f4 h6 15. b3
c5 16. d5 exd5 17. Nxd5 N8c6 18. Bb2 Nd4 19. Nxb4 axb4 20. Bxd4 Qxd4+ 21. Qxd4
cxd4 22. Bf3 Bxf3 23. Rxf3 Bc5 24. Rd1 Rfb8 25. a5 Ra6 26. Rfd3 Rd8 27. Kg2 f6
28. Kf3 Kf7 29. h4 h5 30. Rc1 Ba7 31. e5 Ke6 32. exf6 Kxf6 33. Ne5 Rxa5 34. Rc7
Bb8 35. Nd7+ Ke6 36. Nxb8 Rxb8 37. Rxd4 Rd5 38. Rxb4 b5 39. Rxg7 Rd3+ 40. Kg2
Rc8 41. Rxb5 Kf6 42. Ra7 Rc2+ 43. Kh3 Rd6 44. Rxh5 Rd3 45. Rh6+ Kf5 46. Re7 Re2
47. Rh5+ 1-0

[Event "Druzynowe Mistrzostwa Polski Juniorow - I Liga"]
[Site "Ustron"]
[Date "2011-07-07"]
[Round "8.9"]
[White "Kowalski, Maciej"]
[Black "Lewtak, Dominik"]
[Result "1/2-1/2"]
[WhiteTitle "II+"]
[BlackTitle "II+"]
[WhiteElo "1720"]
[BlackElo "1693"]

1. d4 Nf6 2. c4 e6 3. Nf3 b6 4. a3 Bb7 5. Nc3 d5 6. e3 Be7 7. cxd5 exd5
8. Bb5+ c6 9. Bd3 O-O 10. O-O c5 11. b3 Nc6 12. Bb2 Rc8 13. Rc1 Re8 14. Bb1 Bd6
15. Qd3 g6 16. Rfd1 Na5 17. dxc5 bxc5 18. Ba2 Bf8 19. h3 Bg7 20. b4 c4 21. Qc2
Nc6 22. Bxc4 Nxb4 23. Qb3 Rxc4 24. axb4 Qc7 25. Nd4 Rc8 26. Na4 Ne4 27. Nc5
Nxc5 28. bxc5 Ba6 29. Qa3 Rxc1 30. Rxc1 Bc4 31. c6 a6 32. Bc3 Bxd4 33. Bxd4
Qxc6 34. Ba1 Rf8 35. e4 f6 36. Qc3 Qe6 37. Re1 dxe4 38. Qd4 Qd5 39. Qb6 Qd2
40. Rxe4 Qd1+ 41. Kh2 Qxa1 42. Rxc4 Qe5+ 43. g3 1/2-1/2

[Event "Druzynowe Mistrzostwa Polski Juniorow - I Liga"]
[Site "Ustron"]
[Date "2011-07-07"]
[Round "8.10"]
[White "Szeglowski, Tomasz"]
[Black "Wacior, Maciej"]
[Result "1/2-1/2"]
[WhiteTitle "II+"]
[BlackTitle "II"]
[WhiteElo "1697"]
[BlackElo "1664"]

1. c4 c6 2. Nf3 d5 3. b3 Bf5 4. Bb2 e6 5. e3 Nd7 6. Be2 Ngf6 7. O-O Bd6 8. d4
O-O 9. Nc3 h6 10. h3 Re8 11. Bd3 Bxd3 12. Qxd3 a6 13. e4 dxe4 14. Nxe4 Nxe4
15. Qxe4 Nf6 16. Qc2 Rc8 17. Rfd1 Qc7 18. Nd2 Red8 19. Ne4 Be7 20. Rd2 Qf4
21. Nxf6+ Bxf6 22. Rad1 Qh4 23. Bc3 Qf4 24. Qb2 Kh7 25. Qc2+ Kg8 26. Qb2 Kh7
27. Qc2+ Kg8 28. Qb2 Rd7 29. Ba5 c5 30. Bb6 Bxd4 31. Qc2 Rd6 32. Ba5 b6 33. Bc3
Rcd8 34. Bxd4 Rxd4 35. Rxd4 Rxd4 36. Rxd4 Qxd4 37. g3 Kf8 38. Qe2 Ke7 39. Kg2
Kd6 40. h4 f5 41. f4 a5 42. Kf3 Qc3+ 43. Kg2 Qd4 44. Kf3 Qc3+ 45. Kg2 Qd4
46. Kf3 1/2-1/2

[Event "Druzynowe Mistrzostwa Polski Juniorow - I Liga"]
[Site "Ustron"]
[Date "2011-07-07"]
[Round "8.11"]
[White "Przybylska, Agata"]
[Black "Cyboran, Katarzyna"]
[Result "1-0"]
[WhiteTitle "II"]
[BlackTitle "I++"]
[WhiteElo "1604"]
[BlackElo "1869"]

1. d4 f5 2. Bf4 e6 3. e3 Nf6 4. h3 b6 5. Nf3 Bb7 6. Bd3 Be7 7. Nbd2 Ne4 8. O-O
O-O 9. c3 d6 10. Qc2 Nxd2 11. Nxd2 Bg5 12. Bh2 Kh8 13. Rae1 Nd7 14. e4 f4
15. f3 e5 16. dxe5 Nxe5 17. Nc4 Nxd3 18. Qxd3 Ba6 19. Rb1 Qe7 20. Rfd1 d5
21. Qxd5 Rad8 22. Qc6 Rf6 23. Rxd8+ Qxd8 24. Qa4 b5 25. Rd1 Qe7 26. Qa5 Rg6
27. Na3 Qc5+ 28. Kh1 Bh4 29. Qb4 Qe7 30. Qxe7 Bxe7 31. Bxf4 c6 32. Rd7 Re6
33. Rxa7 Kg8 34. Rxa6 Kf7 35. Kg1 g5 36. Be3 Kg6 37. Nxb5 Kh5 38. Nd4 Rg6
39. Rxc6 Rg8 40. Nf5 Bf8 41. g4# 1-0

[Event "Druzynowe Mistrzostwa Polski Juniorow - I Liga"]
[Site "Ustron"]
[Date "2011-07-07"]
[Round "8.12"]
[White "Lapa, Aleksandra"]
[Black "Antolak, Julia"]
[Result "0-1"]
[WhiteTitle "I"]
[BlackTitle "II+"]
[WhiteElo "1458"]
[BlackElo "1509"]

1. c4 c6 2. Nf3 d5 3. b3 Nf6 4. Bb2 Bf5 5. e3 e6 6. d4 Bd6 7. Be2 O-O 8. Nbd2
Nbd7 9. h3 a6 10. O-O Rc8 11. Nh4 Bg6 12. Nxg6 hxg6 13. c5 Bc7 14. f4 Ne4
15. Nxe4 dxe4 16. Qc2 f5 17. Bc4 Qe7 18. b4 Nf6 19. Qb3 Nd5 20. a4 Kf7 21. g3
g5 22. Rae1 Rh8 23. Kg2 gxf4 24. exf4 g5 25. Bc1 gxf4 26. Bxf4 Nxf4+ 27. gxf4
Rcg8+ 28. Kh2 Rg6 29. Re2 Qh4 30. Ref2 Rhg8 31. b5 Rg3 32. Bxe6+ Ke7 33. Qxg3
Qxg3+ 34. Kh1 Qxh3+ 35. Rh2 Qxf1# 0-1

[Event "Druzynowe Mistrzostwa Polski Juniorow - I Liga"]
[Site "Ustron"]
[Date "2011-07-07"]
[Round "8.13"]
[White "Sowul, Bartosz"]
[Black "Wandzik, Wojciech"]
[Result "0-1"]
[WhiteTitle "k"]
[BlackTitle "k"]
[WhiteElo "2208"]
[BlackElo "2239"]

1. d4 f5 2. c4 Nf6 3. g3 g6 4. Bg2 Bg7 5. Nh3 d6 6. d5 O-O 7. Nc3 Na6 8. O-O
Nc5 9. Nf4 e5 10. dxe6 c6 11. Rb1 Nxe6 12. b4 Ng4 13. Bd2 Ne5 14. b5 Bd7
15. Qa4 Nc5 16. Qb4 Qe7 17. Na4 Ne6 18. Bc1 Qf7 19. f3 Nc5 20. Nb2 a5 21. bxa6
Rxa6 22. Be3 b6 23. Rfd1 Rxa2 24. Bxc5 dxc5 25. Qxb6 Rxb2 26. Rxb2 Nxc4 27. Qc7
Nxb2 28. Rxd7 Bd4+ 29. Kh1 Qb3 30. h4 Qd1+ 31. Kh2 Qg1+ 32. Kh3 Nd1 33. g4
fxg4+ 34. Kxg4 Ne3+ 35. Kh3 Rxf4 36. Rd8+ Rf8 37. Rxf8+ Kxf8 38. Qd8+ Kf7
39. Qd7+ Kf6 40. Qd6+ Kf5 41. Qf8+ Bf6 42. Qxc5+ Ke6 43. Qxc6+ Kf7 44. Qc7+ Be7
45. Qf4+ Kg7 46. Qe5+ Bf6 47. Qc7+ Kh6 48. Qf4+ Kh5 49. Qg3 Qxg2+ 50. Qxg2 Nxg2
51. Kxg2 Kxh4 52. f4 Kg4 53. e3 Bh4 0-1

[Event "Druzynowe Mistrzostwa Polski Juniorow - I Liga"]
[Site "Ustron"]
[Date "2011-07-07"]
[Round "8.14"]
[White "Mroziak, Maciej"]
[Black "Pietruszewski, Marcin"]
[Result "1-0"]
[WhiteTitle "I++"]
[BlackTitle "k"]
[WhiteElo "2153"]
[BlackElo "2128"]

1. e4 e6 2. d4 d5 3. Nc3 Bb4 4. e5 c5 5. a3 Bxc3+ 6. bxc3 Qc7 7. Qg4 f5 8. Qg3
Ne7 9. Bd2 O-O 10. Bd3 Nbc6 11. Nf3 Bd7 12. O-O b6 13. h4 Kh8 14. Rab1 Na5
15. h5 h6 16. Nh4 Be8 17. Ng6+ Bxg6 18. hxg6 Kg8 19. Kh2 Qd7 20. Bb5 Nac6
21. Bf4 c4 22. Rh1 Rac8 23. Kg1 Qe8 24. Bxh6 Qxg6 25. Bg5 f4 26. Bxf4 Qxg3
27. Bxg3 Nb8 28. Kh2 Rc7 29. a4 Rb7 30. a5 a6 31. Bxa6 Nxa6 32. Rxb6 Rxb6
33. axb6 Rb8 34. Rb1 Rb7 35. Bh4 Kf7 36. g4 Nb8 37. f4 g6 38. Kg3 Nd7 39. f5
exf5 40. e6+ Kxe6 41. Re1+ Kd6 42. Bxe7+ Kc6 43. Re6+ Kb5 44. gxf5 gxf5 45. Bd8
Ka4 46. Bc7 Nb8 47. Kf4 Ka3 48. Ke5 Kb2 49. Kxd5 f4 50. Bxf4 Kxc3 51. Bc7 Na6
52. Kc6 Kxd4 53. Rd6+ 1-0

[Event "Druzynowe Mistrzostwa Polski Juniorow - I Liga"]
[Site "Ustron"]
[Date "2011-07-07"]
[Round "8.15"]
[White "Murawko, Katarzyna"]
[Black "Lizak, Jakub"]
[Result "0-1"]
[WhiteTitle "I+"]
[BlackTitle "II+"]
[WhiteElo "1796"]
[BlackElo "1772"]

1. e4 c5 2. Nf3 Nc6 3. d4 cxd4 4. Nxd4 Nf6 5. Nc3 e5 6. Ndb5 d6 7. a4 a6
8. Na3 Be6 9. Bg5 Rc8 10. Bc4 Be7 11. Bxf6 Bxf6 12. O-O O-O 13. Nd5 Bg5 14. c3
Kh8 15. Qe2 Ne7 16. Nxe7 Qxe7 17. Bxe6 Qxe6 18. Rfd1 f5 19. exf5 Rxf5 20. Qe4
Rcf8 21. f3 Qh6 22. Rd3 Bf4 23. g3 Rh5 24. gxf4 Rxh2 25. fxe5 Rh1+ 26. Kf2 Qh2+
27. Ke3 Rxa1 28. Rd2 Qh6+ 29. Kd3 dxe5 30. Kc2 Qg6 31. Qxg6 hxg6 32. Rd3 Rf1
33. Nc4 R1xf3 0-1

[Event "Druzynowe Mistrzostwa Polski Juniorow - I Liga"]
[Site "Ustron"]
[Date "2011-07-07"]
[Round "8.19"]
[White "Stankiewicz, Pawel"]
[Black "Zmarzly, Aleksandra"]
[Result "1-0"]
[WhiteTitle "I++"]
[BlackTitle "k+"]
[WhiteElo "2064"]
[BlackElo "2094"]

1. e4 e6 2. d3 d5 3. Nd2 Nf6 4. Ngf3 c5 5. g3 Nc6 6. Bg2 Be7 7. O-O b5 8. Re1
Bb7 9. e5 Nd7 10. Nf1 Qc7 11. Qe2 a5 12. h4 a4 13. Bf4 a3 14. b3 b4 15. Ne3 Qb6
16. h5 h6 17. Nf1 Rc8 18. Nh4 Nd4 19. Qg4 Bf8 20. Ne3 Kd8 21. Rac1 Bc6 22. Nf3
Nb5 23. Nf5 Kc7 24. Nxg7 Kb7 25. Nxe6 fxe6 26. Qxe6 Nb8 27. Nh4 Nc7 28. Qf6 Rh7
29. e6 Re8 30. Nf5 Be7 31. Qg6 Rhh8 32. Bxh6 d4 33. Bg7 1-0

[Event "Druzynowe Mistrzostwa Polski Juniorow - I Liga"]
[Site "Ustron"]
[Date "2011-07-07"]
[Round "8.20"]
[White "Malec, Robert"]
[Black "Lukasiewicz, Aleksander"]
[Result "0-1"]
[WhiteTitle "I"]
[BlackTitle "I"]
[WhiteElo "1830"]
[BlackElo "1925"]

1. e4 e5 2. Nf3 Nc6 3. Nc3 Nf6 4. a3 g6 5. d4 exd4 6. Nxd4 Bg7 7. Be3 d5
8. Bb5 O-O 9. Nxc6 bxc6 10. Bxc6 Rb8 11. exd5 Ba6 12. Rb1 Ng4 13. Qd2 Qh4
14. h3 Rfe8 15. Bxe8 Rxe8 16. g3 Qh5 17. Nd1 Ne5 0-1

[Event "Druzynowe Mistrzostwa Polski Juniorow - I Liga"]
[Site "Ustron"]
[Date "2011-07-07"]
[Round "8.21"]
[White "Grela, Kacper"]
[Black "Terochin, Piotr"]
[Result "1/2-1/2"]
[WhiteTitle "II"]
[BlackTitle "II"]
[WhiteElo "1748"]
[BlackElo "1711"]

1. e4 c5 2. Nf3 Nc6 3. d4 cxd4 4. Nxd4 g6 5. Nc3 Bg7 6. Be3 Nf6 7. Bc4 Qa5
8. O-O O-O 9. Bb3 d6 10. h3 Bd7 11. Re1 a6 12. Qe2 Nxe4 13. Nxc6 Bxc6 14. Nxe4
Bxe4 15. Bd2 Qc7 16. Qxe4 Bxb2 17. Rab1 Bf6 18. Qc4 Qd7 19. Bh6 Bg7 20. Bxg7
Kxg7 21. Qe4 e6 22. c4 b5 23. Qd4+ Kg8 24. cxb5 axb5 25. Qf6 d5 26. h4 h5
27. Bc2 Rxa2 28. Bxg6 fxg6 29. Qxg6+ Qg7 30. Qxe6+ Qf7 31. f3 Qxe6 32. Rxe6 Kf7
33. Re5 Rg8 34. Rg5 Rxg5 35. hxg5 Ra5 36. Kf2 Kg6 37. f4 Kf5 38. g3 Ra2+
39. Kf1 Ra3 40. Rxb5 Rxg3 41. Kf2 Rg4 42. Rb4 h4 43. Rd4 h3 44. Rxd5+ Kxf4
45. Rd4+ Kxg5 46. Rxg4+ Kxg4 47. Kg1 Kg3 48. Kh1 h2 1/2-1/2

[Event "Druzynowe Mistrzostwa Polski Juniorow - I Liga"]
[Site "Ustron"]
[Date "2011-07-07"]
[Round "8.24"]
[White "Lascar, Radoslawa"]
[Black "Dwilewicz, Katarzyna"]
[Result "1-0"]
[WhiteTitle "II+"]
[BlackTitle "I"]
[WhiteElo "1587"]
[BlackElo "1603"]

1. e4 c5 2. Nf3 e6 3. d4 cxd4 4. Nxd4 Nc6 5. Nc3 a6 6. Nxc6 bxc6 7. Bd3 d5
8. exd5 cxd5 9. O-O Nf6 10. Re1 Be7 11. Bg5 h6 12. Bh4 O-O 13. Qe2 Qb6 14. Rab1
Bb7 15. Kh1 Qb4 16. Bg3 Bd6 17. Be5 Bxe5 18. Qxe5 Qh4 19. Qg3 Qxg3 20. hxg3
Rfe8 21. Na4 Nd7 22. c4 Bc6 23. Nc3 Nc5 24. Be2 d4 25. Nd1 Be4 26. Ra1 Rab8
27. b3 Red8 28. f3 Bc2 29. Nf2 Rd6 30. Bd1 Bg6 31. Re5 Nd3 32. Nxd3 Bxd3
33. Kg1 f6 34. Rc5 e5 35. Kf2 Kf8 36. g4 Rb7 37. a3 Ke7 38. b4 a5 39. Rxa5 Bxc4
40. Rc1 Bf7 41. Rac5 Ra6 42. Rc7+ Rxc7 43. Rxc7+ Ke8 44. a4 Rd6 45. a5 Ba2
46. b5 d3 47. Ke3 Kd8 48. Rc3 Bb1 49. b6 Rd7 50. a6 Ba2 51. b7 Rc7 52. b8=Q+
1-0

[Event "Druzynowe Mistrzostwa Polski Juniorow - I Liga"]
[Site "Ustron"]
[Date "2011-07-07"]
[Round "8.25"]
[White "Borawski, Jakub"]
[Black "Duda, Jan-krzysztof"]
[Result "0-1"]
[WhiteTitle "II+"]
[BlackTitle "FM"]
[WhiteElo "1897"]
[BlackElo "2274"]

1. e4 c5 2. Nf3 d6 3. d4 cxd4 4. Nxd4 Nf6 5. Nc3 a6 6. Bd3 e5 7. Nde2 Be7
8. O-O O-O 9. Ng3 g6 10. Qe2 Nbd7 11. a4 b6 12. Bc4 Bb7 13. f4 exf4 14. Bxf4
Ne5 15. Bb3 h5 16. Rad1 Qc7 17. Bg5 Neg4 18. Bxf6 Bxf6 19. Rd3 Qc5+ 20. Kh1 Bg7
21. Bd5 Bxd5 22. Rxd5 Qe3 23. Rxd6 Rad8 24. Rxd8 Rxd8 25. Nd5 Qxe2 26. Nxe2
Bxb2 27. h3 Ne5 28. Rb1 Nc4 29. Nxb6 Nxb6 30. Rxb2 Nxa4 31. Ra2 Nc5 32. c4 Rd6
33. Nc3 Kg7 34. Ra5 Nb7 35. Ra4 Kf6 36. Kg1 Ke5 37. Kf2 Nc5 38. Ra2 Kf4
39. Ne2+ Kxe4 40. Ra5 Rc6 41. Ra3 Nd3+ 42. Kg1 Ne5 43. c5 Kd5 44. Nf4+ Kc4
45. Ra4+ Kb5 46. Re4 Rxc5 47. Ne2 Nc6 48. Re8 a5 49. Rf8 Ne5 50. Rb8+ Kc4
51. Ra8 Kb4 52. Kf2 a4 53. Ke3 a3 54. Nd4 Nc6 55. Nf3 Ra5 0-1

[Event "Druzynowe Mistrzostwa Polski Juniorow - I Liga"]
[Site "Ustron"]
[Date "2011-07-07"]
[Round "8.26"]
[White "Sleczka, Bartosz"]
[Black "Zochowski, Kacper"]
[Result "0-1"]
[WhiteTitle "I"]
[BlackTitle "I"]
[WhiteElo "1881"]
[BlackElo "1954"]

1. e4 c5 2. Nf3 d6 3. d4 cxd4 4. Nxd4 Nf6 5. Nc3 a6 6. a4 b6 7. Be2 Bb7 8. f3
e6 9. O-O Be7 10. Be3 Nbd7 11. Qe1 O-O 12. Rd1 d5 13. exd5 Nxd5 14. Nxd5 Bxd5
15. Qg3 Bf6 16. Rd2 Qe7 17. Rfd1 g6 18. c4 Bb7 19. Qc7 Nc5 20. Qxb6 Rac8
21. Qb4 Qc7 22. Qa3 Be5 23. b4 Bxh2+ 24. Kh1 Qe5 25. f4 Bxf4 26. Bxf4 Qxf4
27. bxc5 e5 28. Nf3 Qg3 29. Qb2 Bxf3 30. Bxf3 e4 31. Be2 Rxc5 32. Rd8 Qh4+
33. Kg1 Rxd8 34. Rxd8+ Qxd8 35. Qb4 Qd4+ 36. Kh2 Rh5+ 0-1

[Event "Druzynowe Mistrzostwa Polski Juniorow - I Liga"]
[Site "Ustron"]
[Date "2011-07-07"]
[Round "8.27"]
[White "Smolarczyk, Tomasz"]
[Black "Bus, Konrad"]
[Result "0-1"]
[WhiteTitle "II"]
[BlackTitle "I"]
[WhiteElo "1575"]
[BlackElo "1871"]

1. e4 c5 2. Nf3 d6 3. d4 cxd4 4. Nxd4 Nf6 5. Nc3 a6 6. Be2 e5 7. Nb3 Be7
8. O-O O-O 9. Be3 b5 10. a3 Bb7 11. f3 Nbd7 12. a4 b4 13. Nd5 Nxd5 14. exd5 Nf6
15. Bc4 Qc7 16. Qd3 Rfc8 17. Nd2 a5 18. Rfd1 Nd7 19. Qe4 g6 20. f4 f5 21. Qf3
e4 22. Qf2 Bf6 23. Rab1 Nc5 24. b3 Qf7 25. Nf1 Nxa4 26. Rd2 Nc3 27. Rc1 a4
28. Bd4 a3 29. Ra1 Qg7 30. Bxf6 Qxf6 31. Qd4 Qxd4+ 32. Rxd4 Rc5 33. Ne3 Raa5
34. Kf1 Kg7 35. Kg1 Bxd5 36. Nxd5 Nxd5 37. Bxd5 Rxd5 38. Rxb4 Rd2 39. Ra4 Rxa4
40. bxa4 Rxc2 41. Rxa3 Rc6 42. a5 Ra6 43. Kf2 Kf6 44. Ke3 Ke6 45. Kd4 Kd7
46. h3 h5 47. h4 Ra7 48. g3 Kc6 49. Ra1 Re7 50. a6 Ra7 51. Rc1+ Kb5 52. Rc8
Rxa6 53. Rg8 Ra3 54. Kd5 Rd3+ 55. Ke6 Rxg3 56. Kxd6 Kc4 57. Ke5 e3 58. Ra8 e2
59. Ra1 Rg4 60. Re1 Kd3 0-1

[Event "Druzynowe Mistrzostwa Polski Juniorow - I Liga"]
[Site "Ustron"]
[Date "2011-07-07"]
[Round "8.28"]
[White "Kyc, Jerzy"]
[Black "Szostko, Jakub"]
[Result "1/2-1/2"]
[WhiteTitle "II"]
[BlackTitle "II"]
[WhiteElo "1627"]
[BlackElo "1645"]

1. e4 c5 2. Nf3 d6 3. d4 cxd4 4. Nxd4 Nf6 5. Nc3 g6 6. Be3 Bg7 7. f3 a6 8. Qd2
Nbd7 9. Bc4 b5 10. Bb3 Bb7 11. a3 Rc8 12. Bh6 Bxh6 13. Qxh6 Qa5 14. Qd2 Ne5
15. O-O Nc4 16. Bxc4 Rxc4 17. Kh1 O-O 18. Rad1 Qc7 19. Rfe1 Rc8 20. Re3 e6
21. Rd3 d5 22. exd5 Nxd5 23. Nxd5 Bxd5 24. c3 Rc5 25. Nc2 Bc6 26. Ne3 Rh5
27. Ng4 Kg7 28. h3 Qg3 29. Qf2 Qxf2 30. Nxf2 Bd5 31. Ng4 Rd8 32. Ne3 Re5
33. Kg1 g5 34. Kf2 f5 35. Nxd5 Rexd5 36. Rxd5 exd5 37. Ke3 Re8+ 38. Kd3 Kf6
39. Rd2 Rc8 40. Kd4 h5 41. Re2 g4 42. fxg4 fxg4 43. hxg4 hxg4 44. Kxd5 Kg5
45. Ke4 Re8+ 46. Kd3 Rd8+ 47. Ke3 Rd1 48. Rd2 Rb1 49. g3 Re1+ 50. Kf2 Rb1
51. Rc2 Kf5 52. Re2 Kg5 53. b4 Ra1 54. Re5+ Kf6 55. Rc5 Rxa3 56. Ke3 a5 57. Kf4
a4 58. Rxb5 Rxc3 59. Rb6+ Kf7 60. Kxg4 a3 61. Ra6 Rb3 62. b5 Rb4+ 63. Kh3 Rxb5
64. Rxa3 Rb4 65. Ra6 Kg7 66. g4 Rb1 67. Kh4 Rc1 68. Kh5 Rc5+ 69. g5 Rc7 70. Rd6
Ra7 71. Rd5 Re7 72. Kg4 Rf7 73. Kh5 Re7 74. Rd6 Ra7 75. Rg6+ Kh7 76. Rf6 Kg7
1/2-1/2

[Event "Druzynowe Mistrzostwa Polski Juniorow - I Liga"]
[Site "Ustron"]
[Date "2011-07-07"]
[Round "8.29"]
[White "Gorbacz, Dominika"]
[Black "Tracz, Marcelina"]
[Result "1/2-1/2"]
[WhiteTitle "II+"]
[BlackTitle "II+"]
[WhiteElo "1620"]
[BlackElo "1692"]

1. e4 e5 2. Nf3 Nc6 3. Bb5 a6 4. Ba4 Nf6 5. O-O b5 6. Bb3 Be7 7. Qe2 d6 8. c3
O-O 9. Rd1 Na5 10. Bc2 c5 11. d4 Qc7 12. h3 Bb7 13. d5 Nc4 14. b3 Nb6 15. Nbd2
Rfe8 16. Nf1 c4 17. b4 a5 18. bxa5 Rxa5 19. Ng3 Rea8 20. a3 Na4 21. Qe1 Bd8
22. Rb1 Qd7 23. Nf5 Bb6 24. Ne3 Nc5 25. Nxc4 bxc4 26. Rxb6 Qc7 27. Rb4 Na6
28. Rb1 Nd7 29. Qe3 Nac5 30. Nd2 Ba6 31. Nf1 Rb5 32. Rb4 Rb7 33. Ng3 Bb5
34. Nf5 f6 35. Qg3 Nf8 36. Bh6 g6 37. Bc1 Kh8 38. Ne3 Na6 39. Rb1 Nc5 40. Rb4
Na6 41. Rb1 Nc5 42. Ng4 Qf7 1/2-1/2